000 nam a22 7a 4500
999 _c9399
_d9399
008 180129b ||||| |||| 00| 0 eng d
100 _aEwing,R.
_95625
245 _aCreative Arts in the Lives of Young Children
260 _aAUSTRALIA
_bACER
_c2013